[Event "SVK-ch U12"]
[Site "Tatralandia"]
[Date "2015.04.24"]
[Round "8"]
[White "Sadiku, Matus"]
[Black "Orsula, Timotej"]
[Result "0-1"]
[WhiteElo "1109"]
[BlackElo "1118"]
[PlyCount "40"]
[EventDate "2015.04.18"]
[EventType "swiss"]
[EventRounds "9"]
[EventCountry "SVK"]
[SourceTitle "CBM 166 Extra"]
[Source "ChessBase"]
[SourceDate "2015.06.18"]
[SourceVersion "1"]
[SourceVersionDate "2015.06.18"]
[SourceQuality "1"]

1. c4 e5 2. d3 f5 3. Nc3 Bb4 4. Bd2 Nc6 5. a3 Bxc3 6. Bxc3 Nf6 7. Nf3 Qe7 8. g3 0-0 9. Bg2 d6 10. 0-0 Qe8 11. Nd2 Qh5 12. h4 f4 13. Ne4 Nd4 14. Nxf6+ Rxf6 15. Bxd4 exd4 16. Bd5+ Kf8 17. Bf3 Qh6 18. Qd2 Kg8 19. Bd5+ Kh8 20. Kg2 f3+ 0-1

[Event "SVK-ch U12"]
[Site "Tatralandia"]
[Date "2015.04.20"]
[Round "4"]
[White "Sadiku, Matus"]
[Black "Cuker, Oliver"]
[Result "0-1"]
[WhiteElo "1109"]
[BlackElo "1324"]
[PlyCount "120"]
[EventDate "2015.04.18"]
[EventType "swiss"]
[EventRounds "9"]
[EventCountry "SVK"]
[SourceTitle "CBM 166 Extra"]
[Source "ChessBase"]
[SourceDate "2015.06.18"]
[SourceVersion "1"]
[SourceVersionDate "2015.06.18"]
[SourceQuality "1"]

1. c4 e6 2. d3 Nf6 3. Nc3 d5 4. cxd5 exd5 5. Nf3 Be7 6. g3 0-0 7. Bg2 Nbd7 8. 0-0 c6 9. Re1 Re8 10. Bf4 Nc5 11. a3 Bf5 12. b4 Ne6 13. e4 dxe4 14. dxe4 Qxd1 15. Raxd1 Bg6 16. e5 Nxf4 17. gxf4 Ng4 18. Bh3 Nh6 19. Rd7 b6 20. Rc7 c5 21. bxc5 bxc5 22. Nd5 Bd8 23. Rxc5 Nf5 24. Bxf5 Bxf5 25. Nd4 Bb6 26. Nxb6 axb6 27. Rc3 Bd7 28. Ree3 Ra4 29. Ne2 Bb5 30. Ng3 Rxf4 31. Rb3 Bc4 32. Rxb6 Rd8 33. Rb4 Rd1+ 34. Kg2 Bd5+ 35. Ne4 f5 36. f3 fxe4 37. fxe4 Be6 38. Rb8+ Kf7 39. Rb7+ Rd7 40. Rxd7+ Bxd7 41. Rb3 Rxe4 42. Rb7 Ke7 43. Ra7 Rxe5 44. a4 Kd6 45. Kg3 g5 46. a5 h5 47. a6 h4+ 48. Kf2 g4 49. Rb7 Bc8 50. Rb6+ Kc7 51. Rg6 Ra5 52. Rg7+ Bd7 53. Rg6 Ra2+ 54. Kg1 Kb8 55. Rb6+ Kc8 56. Rh6 Ra1+ 57. Kg2 Ra2+ 58. Kg1 h3 59. Rh8+ Kc7 60. Rh7 Rg2+ 0-1